| 000 | 00888nam a2200253 a 4500 | ||
|---|---|---|---|
| 001 | 000024540 | ||
| 005 | 20200930023228.0 | ||
| 008 | 110131s2000 sp ad r 000 0 spa d | ||
| 020 | _a8436814282 | ||
| 040 |
_aDO-SdBNP _bspa _cBNPHU |
||
| 082 |
_a658.8 _bF897m |
||
| 100 | 1 |
_aFrías, Dolores M. _950290 |
|
| 245 | 1 | 0 |
_aMarketing farmacéutico / _cDolores M. Frías ; prólogo Teodoro Luque Martínez. |
| 260 |
_aMadrid, (España) : _bEdiciones Pirámide, (Grupo Anaya), _c2000. |
||
| 300 |
_a285 p. : _bil., diag. ; _c23 cm. |
||
| 490 | 1 | _aMarketing sectorial | |
| 500 | _aIncluye referencias bibliográficas p. [271-285]. | ||
| 504 | _aIncluye notas al pie de las páginas. | ||
| 650 | 4 |
_aMercadeo farmacéutico _950291 |
|
| 650 | 4 |
_aFarmacia _xMercadotecnia _950292 |
|
| 700 | 1 |
_aLuque Martínez, Teodoro, _epról. _950293 |
|
| 830 | 0 |
_aMarketing sectorial _950294 |
|
| 049 | _aBNGR | ||
| 999 |
_c24033 _d24033 |
||